000 00709nam a22001817a 4500
999 _c19501
_d19501
003 AR-CdUCM
008 190517b ||||| |||| 00| 0 spa d
040 _aMUNICIPALIDAD PROVINCIAL DEL CUSCO
_cBIBLIOTECA MUNICIPAL DEL CUSCO
082 _a111 /
_bF96
100 _aFinke, Gerhard
_940868
245 _aInvestigaciones fenomenológico trascendentales /
260 _aLima :
_bUNMSM,
_c1957.
300 _a169 páginas ;
_c23 cm.
505 _aLa temporalidad, historicidad y la mundanalidad de su sentido fenomenológico -- La concepción histórica de la historicidad -- La conciencia en su función formadora de horizontes...
650 _aFenomenológica.
_940869
942 _2ddc
_cLIBROS
945 _awfj